000 01063nam0a22002771 4500
001 rc\114531
005 20260405072149.0
010 _a5-88641-049-X
_bАгентство "ФАИР"
_920000
035 _a(NLR Aleph) 005373912
090 _a7029174
_c7029174
100 _a20021216d1997 |||y0rusy50 ca
101 0 _arus
102 _aRU
105 _aa |||||||||
200 1 _aСамые лучшие анекдоты
_fЕ. Тарасов, В. Красовский
210 _aМ.
_cИзд.-торговый дом "Гранд"
_cАгентство "ФАИР"
_d1997
215 _a328, [1] с.
_cил.
_d20
225 1 _aСерия "Черный ворон"
700 1 _8rus
_7ca
_aТарасов
_bЕ. А.
_cпсихотерапевт, литератор
_f1939-2022
_gЕвгений Александрович
_3RU\NLR\AUTH\7724861
_97911
701 1 _aКрасовский
_bВ.В.
_gВладимир Викентьевич
801 0 _aRU
_bNLR
_gpsbo
801 1 _aRU
_bELAR
_2rusmarc
852 _aNLR
_j97-3/11988
942 _cBOOK
980 _aNB